| 000 | 00482nam a22001817a 4500 | ||
|---|---|---|---|
| 005 | 20260513122648.0 | ||
| 008 | 260513b |||||||| |||| 00| 0 eng d | ||
| 020 |
_a9781493938438 _c7936.94 |
||
| 040 | _aMAIN | ||
| 041 | _aEnglish | ||
| 082 |
_a006.4 _bBIS |
||
| 100 |
_aBishop, Christopher M. _922497 |
||
| 245 | _aPattern Recognition And Machine Learning | ||
| 260 |
_aNew York _bSpringer _c2009 |
||
| 300 | _a738 | ||
| 650 |
_aComputer Science (PM USHA) _926808 |
||
| 942 | _cBK | ||
| 999 |
_c60780 _d60780 |
||